000 00587nmm a2200193Ia 4500
008 251105s9999||||xx |||||||||||||||||und||
020 _a9788419419149
041 _aspa
100 _aMartín Garzo, Gustavo
245 0 _aEl país de los niños perdidos
264 _a[Madrid, España] :
_bSiruela,
_c[Fecha de publicación no identificada]
300 _a0 páginas
490 _aLas tres edades
650 _aTeen & Young Adult Books
700 _aMartín Garzo, Gustavo
700 1 _a Rilova, Sandra
856 _uhttps://public.digitaliapublishing.com/a/123722
942 _cCF
999 _c68413
_d68413